Sports Quiz

Random Sports or Baseball Quiz
Score 0/6 Timer 00:30
5 Plays Today
MLB Team % Correct
OOrioles
89.2%
YYankees
89.2%
GGiants
87.9%
IIndians
86.8%
NNationals
75.4%
WWhite Sox
60.3%
Remove Ads.
Support Sporcle.
Get the best of Sporcle when you Go Orange. This ad-free experience offers more features, more stats, and more fun while also helping to support Sporcle. Thank you for becoming a member.

You're not logged in!

Compare scores with friends on all Sporcle quizzes.
OR
Log In

Show Comments

Extras

Top Quizzes Today


Score Distribution

Your Account Isn't Verified!

In order to create a playlist on Sporcle, you need to verify the email address you used during registration. Go to your Sporcle Settings to finish the process.

Report this User

Report this user for behavior that violates our Community Guidelines.

Details: